000 00744nam a2200277Ia 4500
001 Z_3507
003 CHAP
008 220113s1994 xx 000 0 und d
010 _a166621
040 _cCHAP
082 _a636.085 E8
111 _aEuropean Lecture Tour (8 : Duvlin, Ireland)
_9140712
245 _aMemorias /
_c ALLTECH
260 _as.l. :
_bAlltech,
_c1994
300 _a93 p.
650 _aAlimentos y alimentación del ganado
_xIndustria
_94337
650 _aEnzimas en alimentación animal
_9140708
650 _aLevaduras en alimentación animal
_966404
650 _aSelenio en nutrición animal
_9103793
901 _a636.085 E8
902 _aM
910 _a1994
942 _c1
942 _cc1
999 _c166621
_d166621